000 00879nam a2200289Ia 4500
001 A6082
003 IT-RoPAU
008 130308s9999 xx 000 0 und d
040 _aIT-RoPAU
040 _cIT-RoPAU
041 _aITALIANO
100 _aMarconi Luca
100 _gCodice Aut. SPICS: 13914
245 _aDalla pragmatica alla semantica: spunti per una semiotica musicale abduttiva
245 _bSemiotica: storia Teoria Interpretazione-Saggi intorno a Umberto Eco
250 _a1a ed.
260 _aMILANO
260 _bBompiani
260 _c1992 [1° Ed.:1992 - Ed.Ling.Originale:1992]
300 _a"8 p. (prefazione: no ; testo: 8 [pagine: 371-378])"
500 _aDiadico e Triadico. Unità Culturali. Semiotica e Teoria Musicale.
650 _aSEMIOLOGIA
650 _eCodice materia Spics: 3251
942 _cBK
957 _71
999 _c78159
_d78159
999 _g1